000 01044cam a2200265 4500
001 ABS63460
008 000000n2001 000 0 eng u
035 _a(Sirsi) u110712
100 _aWood, C.
245 _aSupermarket sweep
260 _c2001
490 _aProperty Week
_v66(3) 19 January 2001, 92(1)
520 _aAssesses the significance of the Competition Commission's investigation into supermarket competition for retail development. Questions the current approach to retail planning through capacity analysis and suggests that a wider qualitative view of retail planning needs to be taken at structure plan level if consumer choice is to be improved.
590 _aABS
650 _aCOMPETITION COMMISSION
650 _aCAPACITY ANALYSIS
650 _aNPPG8
650 _aPLANNING POLICY GUIDANCE NOTE SIX
650 _aPLANNING POLICY
650 _aRETAIL PLANNING
650 _aSTRUCTURE PLANS
650 _aSUPERMARKETS
690 _aENVIRONMENTAL AND LAND CONSULTANCY-PLANNING AND DEVELOPMENT
942 _n0
999 _c65980
_d65980